| 000 | 00662nam a2200241 a 4500 | ||
|---|---|---|---|
| 003 | OSt | ||
| 005 | 20140507152645.0 | ||
| 008 | 090120s19uu xx 00 eng d | ||
| 020 | _a9789715846523 | ||
| 050 |
_aHF 1009.5 _b.Su959 2008 |
||
| 100 | _aSuplico, Luz T. | ||
| 245 |
_aInternational marketing / _cLuz T. Suplico. |
||
| 260 |
_aPhilippines : _bC&E Publishing, _cc2008. |
||
| 300 |
_a244 p. : _bill. ; _c22 cm. |
||
| 521 | _aBSBA | ||
| 650 | _aBSBA. | ||
| 650 | _aExport marketing. | ||
| 650 | _aInternational business enterprises. | ||
| 700 | _aGarcia, Leonardo R. | ||
| 700 | _aEsguerra, Renato S. | ||
| 942 |
_cBK _2lcc _kFIL |
||
| 999 |
_c23393 _d23393 |
||